Central Library OPAC University of Rajshahi

The dangerous delusion : (Record no. 65322)

MARC details
000 -LEADER
fixed length control field 00863nam a2200253 a 4500
001 - CONTROL NUMBER
control field 65322
003 - CONTROL NUMBER IDENTIFIER
rucl marc code BD-RjUL
005 - DATE AND TIME OF LATEST TRANSACTION
control field 20211209081417.0
008 - FIXED-LENGTH DATA ELEMENTS--GENERAL INFORMATION
fixed length control field 170301s1978 onca 001 0 eng d
020 ## - INTERNATIONAL STANDARD BOOK NUMBER
International Standard Book Number 077103217X
-- 0771032188
035 ## - SYSTEM CONTROL NUMBER
System control number (BD-RjUL)65452
040 ## - CATALOGING SOURCE
Original cataloging agency LCI
Transcribing agency LCI
Modifying agency EQO
-- BD-RjUL
Language of cataloging eng
041 ## - LANGUAGE CODE
Language code of text/sound track or separate title eng
082 ## - DEWEY DECIMAL CLASSIFICATION NUMBER
Edition number 23
Classification number 971.404092
Author mark and year FUD 1978
100 1# - MAIN ENTRY--PERSONAL NAME
Personal name Fullerton, Douglas H.
9 (RLIN) 193337
245 14 - TITLE STATEMENT
Title The dangerous delusion :
Remainder of title Quebec's independence obsession /
Statement of responsibility, etc. as seen by Douglas H. Fullerton.
260 ## - PUBLICATION, DISTRIBUTION, ETC. (IMPRINT)
Place of publication, distribution, etc. Toronto :
Name of publisher, distributor, etc. McClelland and Stewart,
Date of publication, distribution, etc. c1978.
300 ## - PHYSICAL DESCRIPTION
Pagination 240 p. ;
Size 24 cm.
504 ## - BIBLIOGRAPHY, ETC. NOTE
Bibliography, etc Includes bibliographical references and index.
600 10 - SUBJECT ADDED ENTRY--PERSONAL NAME
Personal name Fullerton, Douglas H.
651 #0 - SUBJECT ADDED ENTRY--GEOGRAPHIC NAME
Geographic name Québec (Province)
General subdivision Politics and government
Chronological subdivision 1960-
9 (RLIN) 193338
Geographic name Canada
General subdivision Politics and government.
9 (RLIN) 193339
942 ## - ADDED ENTRY ELEMENTS (KOHA)
Source of classification or shelving scheme Dewey Decimal Classification
Koha item type Books
Holdings
Lost status Source of classification or shelving scheme Damaged status Not for loan Collection code Permanent Location Current Location Shelving location Date acquired Total Checkouts Full call number Date last seen Copy number Koha item type
  Dewey Decimal Classification   Not For Loan Non-fiction Central Library, University of Rajshahi Central Library, University of Rajshahi Reading Room 10/02/1991   971.404092 FUD 1978 04/03/2017 C-1 Books